000 00624nam a2200217Ia 4500
008 140626s9999 xx 000 0 und d
100 _aDu, Rex Yuxing..
245 _aQuantitative trendspotting /
_cRex Yuxing Du ... [et al.].
260 _cc2012.
300 _a49 : 4, page 514
440 _aJournal of Marketing Research
521 _aBSBA
650 _aCommon trends.
650 _aFactor analysis.
650 _aMarket sensing.
650 _aMarketing intelligence.
650 _aMultivariate time-series analysis.
650 _aOnline searches.
650 _aQuantitative trend spotting.
942 _cSE
999 _c121047
_d121047